[Event "Aragon-chT Preferente B"]
[Site "Aragon"]
[Date "2014.02.01"]
[Round "2.60"]
[White "Garcia Betore, Jesus"]
[Black "Bayod Rubia, Angel"]
[Result "0-1"]
[WhiteElo "1665"]
[BlackElo "2002"]
[PlyCount "70"]
[EventDate "2014.01.25"]
[EventType "team-tourn"]
[EventRounds "9"]
[EventCountry "ESP"]
[SourceTitle "EXT 2015"]
[Source "ChessBase"]
[SourceDate "2014.11.20"]
[SourceVersion "1"]
[SourceVersionDate "2014.11.20"]
[SourceQuality "1"]
[WhiteTeam "Tauste II"]
[BlackTeam "El Olivar III"]
[WhiteTeamCountry "ESP"]
[BlackTeamCountry "ESP"]

1. e4 e5 2. Nf3 Nf6 3. Nxe5 d6 4. Nf3 Nxe4 5. Nc3 Nxc3 6. dxc3 Be7 7. Be3 Nc6 8. Qd2 Bg4 9. Be2 Qd7 10. h3 Be6 11. Nd4 Nxd4 12. cxd4 d5 13. Bd3 Bd6 14. Bf4 0-0-0 15. Bxd6 Qxd6 16. 0-0-0 h5 17. Rhe1 Kb8 18. Re3 Qb6 19. c3 Rd6 20. Rde1 Rc8 21. Re5 g6 22. Qe2 Qa5 23. a3 Bd7 24. Re7 f5 25. f4 a6 26. Qd2 Qa4 27. Qc2 Qa5 28. R1e5 Rd8 29. c4 Ba4 30. Qe2 c5 31. R5e6 Rxe6 32. Qxe6 dxc4 33. Qe5+ Ka8 34. b4 cxb3 35. Qg7 Qc3+ 0-1